banner koha

Phytochemical profile of pasture weeds from the brazilian cerrado (Registro n. 9402)

MARC details
000 -LÍDER
fixed length control field 04976nab a2200325 i 4500
003 - CÓDIGO MARC DA AGÊNCIA CATALOGADORA
Campo de controle BR-BrBNA
005 - DATA E HORA DA ÚLTIMA ATUALIZAÇÃO
Campo de controle 20230918121035.0
008 - CAMPO DE TAMANHO FIXO
fixed length control field 230619b2019 bl.ar|pooa||| 00| 0 eng |
040 ## - FONTE DA CATALOGAÇÃO
Agência catalogadora BR-BrBNA
Idioma da catalogação eng
072 ## - CATEGORIA AGRIS
Código AGRIS H60
072 ## - CATEGORIA AGRIS
Código AGRIS F60
100 ## - ENTRADA PRINCIPAL - NOME PESSOAL
Nome pessoal Rodrigues, D.A.
100 ## - ENTRADA PRINCIPAL - NOME PESSOAL
Nome pessoal Pereira, G.A.M.
100 ## - ENTRADA PRINCIPAL - NOME PESSOAL
Nome pessoal Silva, A.A.
100 ## - ENTRADA PRINCIPAL - NOME PESSOAL
Nome pessoal Santos, M.H.
100 ## - ENTRADA PRINCIPAL - NOME PESSOAL
Nome pessoal Demuner, A.J.
100 ## - ENTRADA PRINCIPAL - NOME PESSOAL
Nome pessoal Oliveira, P.M.
245 ## - TÍTULO PRINCIPAL
Título principal Phytochemical profile of pasture weeds from the brazilian cerrado
500 ## - NOTA GERAL
Nota geral Publicação on-line; Ind. Lit. EZ; Bibliography p. 8-10 (51 ref.); 3 tables; 1 illus.; Summaries (En, Pt)
942 ## - ADDED ENTRY ELEMENTS (KOHA)
Koha item type
520 ## - NOTA DE RESUMO
Nota de conteúdo <br/><br/>ABSTRACT - The great diversity of plant species in pastures of the Brazilian Cerrado<br/>with distinct ecophysiological characteristics indicates the possibility of finding, in<br/>the cellular content of this flora, chemical compounds with potential for use in<br/>agriculture and human and animal health. Three steps are necessary to prove this<br/>hypothesis: phytochemical prospecting, characterization of secondary metabolites,<br/>and studies on the biological activities of these metabolites present in these plants.<br/>The chemical profile of secondary metabolites present in five species of the Brazilian<br/>Cerrado (Davilla elliptica, Remijia ferruginea, Luehea paniculata, Anacardium<br/>occidentale, and Acosmium dasycarpum) was traced in this research. These plant<br/>species were collected in pasture areas of Felício dos Santos, Minas Gerais. The<br/>samples were dried and submitted to two types of extract (ethanolic and hexanic). By<br/>using specific chemical reactions, the presence of coumarins, triterpenes/steroids,<br/>and anthracenosides was observed in the hexanic extracts, while the presence of<br/>alkaloids, triterpenes/steroids, flavonoids, tannins, reducing compounds, and<br/>anthocyanins was observed in the ethanolic extracts. The species presented diverse<br/>classes of compounds. However, triterpenes/steroids, tannins, reducing compounds<br/>and anthocyanins were found in all species, being the use of the solvent ethanol the<br/>most efficient in extracting the compounds. The species D. elliptica presented the<br/>highest number of classes of compounds. The widespread application in folk medicine<br/>justifies further studies on the biological activity of different metabolites in agriculture<br/>and health areas.<br/><br/>Keywords: secondary metabolites, Davilla elliptica, Remijia ferruginea, Luehea<br/>paniculata, Anacardium occidentale, Acosmium dasycarpum, weed,<br/>allelopathy.
520 ## - NOTA DE RESUMO
Nota de conteúdo <br/><br/>RESUMO - A grande diversidade de espécies vegetais nas pastagens do cerrado<br/>brasileiro com características ecofisilógicas diferenciadas indica a possibilidade<br/>de encontrar no conteúdo celular dessa flora compostos químicos com potencial<br/>para uso na agricultura, saúde humana e animal. Para comprovação dessa hipótese,<br/>serão necessárias três etapas: a prospecção fitoquímica, a caracterização dos<br/>metabólitos secundários e os estudos sobre as atividades biológicas desses<br/>metabólitos presentes nessas plantas. Nesta pesquisa foi traçado o perfil químico<br/>dos metabólitos secundários presentes em cinco espécies do cerrado brasileiro<br/>(Davilla elliptica, Remijia ferrugínea, Luehea paniculata, Anacardium occidentale<br/>e Acosmium dasycarpum). A coleta das plantas foi realizada em áreas de pastagem<br/>do município de Felício dos Santos, Minas Gerais. As amostras foram secas e<br/>submetidas a dois tipos de extrato (etanólico e hexânico). Empregando reações<br/>químicas específicas, constatou-se nos extratos hexânicos a presença de cumarinas,<br/>triterpenos/esteroides, e antracenosídeos e, nos extratos etanólicos, de alcaloides<br/>triterpenos/esteroides, flavonoides, taninos, compostos redutores e antocianinas. As espécies<br/>apresentaram diversificadas classes de compostos. Entretanto, em todas as espécies foram encontrados<br/>triterpenos/esteroides, taninos, compostos redutores e antocianinas, sendo o emprego do solvente etanol<br/>o mais eficiente na extração dos compostos. A espécie D. elliptica foi a que apresentou o maior número<br/>de classes de compostos. Considerando a sua ampla aplicação na medicina popular, justificam-se<br/>novos estudos sobre atividade biológica dos diferentes metabólitos nas áreas agrícola e da saúde.<br/><br/>Palavras-chave: metabólitos secundários, Davilla elliptica, Remijia ferrugínea, Luehea paniculata,<br/>Anacardium occidentale, Acosmium dasycarpum, planta daninha, alelopatia.
650 ## - ASSUNTO - THESAGRO
Cabeçalho tópico ou nome geográfico ERVA DANINHA
650 ## - ASSUNTO - THESAGRO
Cabeçalho tópico ou nome geográfico ALELOPATIA
650 ## - ASSUNTO - THESAGRO
Cabeçalho tópico ou nome geográfico ANACARDIUM OCCIDENTALE
650 ## - ASSUNTO - THESAGRO
Cabeçalho tópico ou nome geográfico ANÁLISE QUÍMICA
773 0# - ENTRADA ANALÍTICA
Host Biblionumber 886
Registro do item 1816
Imprenta Londrina-PR : Sociedade Brasileira da Ciência das Plantas Daninhas, 1978
Outro identificador 2023-031023
Título Planta Daninha (Brazil)
ISSN 0100-8358; 1806-9681 (on-line)
Colação v. 37 p. 1-10; (2019)
Número de controle de registro BR2023000427
856 ## - ACESSO E ENDEREÇO ELETRÔNICO
Identificador uniforme de recurso - URI https://www.scielo.br/j/pd/a/KjFKfTgnQrbJLDk8CnKz6tz/?format=pdf&lang=en

Nenhum exemplar disponível.

BINAGRI

Telefone: (61)3218-2567/2388/3357/2097 - binagri@agro.gov.br

Ministério da Agricultura e Pecuária , Esplanada dos Ministérios, Bloco D, Anexo B, Brasília/DF, CEP: 70.043-900